| 000 | 00471cam a2200193ua 4500 | ||
|---|---|---|---|
| 020 | _c16.60 | ||
| 041 |
_aeng _h |
||
| 082 |
_a530 _bGRE/CL |
||
| 100 | _aGregory, Richard . | ||
| 245 |
_aClass book of Physics / _cRichard Gregory. _hTextual Documents |
||
| 250 |
_a1 / _b. |
||
| 260 |
_a : _bMacMillan and Company Limited , _c1959. |
||
| 300 | _a656 ; . | ||
| 365 | _a16.60 | ||
| 504 | _a | ||
| 700 | 1 | _aHadlay, H.E . | |
| 942 | _cBK | ||
| 999 |
_c1985 _d1985 |
||